<?xml version="1.0" encoding="UTF-8"?><?xml-stylesheet type="text/xsl" href="static/style.xsl"?><OAI-PMH xmlns="http://www.openarchives.org/OAI/2.0/" xmlns:xsi="http://www.w3.org/2001/XMLSchema-instance" xsi:schemaLocation="http://www.openarchives.org/OAI/2.0/ http://www.openarchives.org/OAI/2.0/OAI-PMH.xsd"><responseDate>2026-06-29T02:44:23Z</responseDate><request verb="GetRecord" identifier="oai:docta.ucm.es:20.500.14352/122381" metadataPrefix="marc">https://docta.ucm.es/rest/oai/request</request><GetRecord><record><header><identifier>oai:docta.ucm.es:20.500.14352/122381</identifier><datestamp>2025-07-10T00:19:16Z</datestamp><setSpec>com_20.500.14352_14</setSpec><setSpec>col_20.500.14352_15</setSpec></header><metadata><record xmlns="http://www.loc.gov/MARC21/slim" xmlns:dcterms="http://purl.org/dc/terms/" xmlns:xsi="http://www.w3.org/2001/XMLSchema-instance" xmlns:doc="http://www.lyncode.com/xoai" xsi:schemaLocation="http://www.loc.gov/MARC21/slim http://www.loc.gov/standards/marcxml/schema/MARC21slim.xsd">
   <leader>00925njm 22002777a 4500</leader>
   <datafield ind2=" " ind1=" " tag="042">
      <subfield code="a">dc</subfield>
   </datafield>
   <datafield ind2=" " ind1=" " tag="720">
      <subfield code="a">Gamboa Jurado-Centurión, Sara</subfield>
      <subfield code="e">author</subfield>
   </datafield>
   <datafield ind2=" " ind1=" " tag="720">
      <subfield code="a">Domínguez García, Virginia</subfield>
      <subfield code="e">author</subfield>
   </datafield>
   <datafield ind2=" " ind1=" " tag="720">
      <subfield code="a">García Muñoz, Ana</subfield>
      <subfield code="e">author</subfield>
   </datafield>
   <datafield ind2=" " ind1=" " tag="720">
      <subfield code="a">Gómez Cano, Ana Rosa</subfield>
      <subfield code="e">author</subfield>
   </datafield>
   <datafield ind2=" " ind1=" " tag="720">
      <subfield code="a">López Guerrero, Paloma</subfield>
      <subfield code="e">author</subfield>
   </datafield>
   <datafield ind2=" " ind1=" " tag="720">
      <subfield code="a">Menéndez González, Iris</subfield>
      <subfield code="e">author</subfield>
   </datafield>
   <datafield ind2=" " ind1=" " tag="720">
      <subfield code="a">Oliver, Adriana</subfield>
      <subfield code="e">author</subfield>
   </datafield>
   <datafield ind2=" " ind1=" " tag="720">
      <subfield code="a">Velado Alonso, Elena</subfield>
      <subfield code="e">author</subfield>
   </datafield>
   <datafield ind2=" " ind1=" " tag="720">
      <subfield code="a">Carro Rodríguez, Patricia María</subfield>
      <subfield code="e">author</subfield>
   </datafield>
   <datafield ind2=" " ind1=" " tag="720">
      <subfield code="a">Sanz Pérez, Danae</subfield>
      <subfield code="e">author</subfield>
   </datafield>
   <datafield ind2=" " ind1=" " tag="260">
      <subfield code="c">2025</subfield>
   </datafield>
   <datafield ind2=" " ind1=" " tag="520">
      <subfield code="a">In this article, we examine the often-overlooked impact of menstruation on fieldwork experiences in natural sciences disciplines. We conducted a cross-sectional survey of 429 participants, predominantly women (86.0%) with limited non-binary representation and no transgender men, to investigate the logistical, social, and health-related challenges faced during fieldwork.
The survey, combining quantitative and qualitative data, revealed that 86% of respondents have experienced menstruation, with nearly half (48%) reporting significant menstrual pain while working in the field. Quantitative findings indicate that fieldwork logistics rarely accommodate menstrual health needs: 85% of participants reported that standard first aid kits do not include menstrual hygiene products. Additionally, qualitative data highlighted difficulties in communication about menstrual issues, with only 30.5% of respondents feeling comfortable discussing these issues with male supervisors, compared to 59.9% with female supervisors.
These findings underscore significant gaps in support for menstrual health during fieldwork. They suggest that practical measures—such as ensuring menstrual products are available in first aid kits and fostering more open dialogue about menstrual health—could improve support for menstruating researchers. However, our results also highlight the need for further research to explore the broader systemic factors underlying these challenges. Ultimately, addressing these gaps may contribute to creating a more inclusive and equitable environment for all researchers.</subfield>
   </datafield>
   <datafield ind1="8" ind2=" " tag="024">
      <subfield code="a">Gamboa, S., Cuesta, E., Domínguez-García, V., García-Muñoz, A., Gómez Cano, A. R., López-Guerrero, P., Menéndez, I., Oliver, A., Velado-Alonso, E., Carro-Rodríguez, P. M., &amp; Sanz-Pérez, D. (2025). Blood, Sweat, and Research: Menstruation’s Impact on Fieldwork in Natural Science: . Ecosistemas, 34(1), 2913. https://doi.org/10.7818/ECOS.2913</subfield>
   </datafield>
   <datafield ind1="8" ind2=" " tag="024">
      <subfield code="a">1697-2473</subfield>
   </datafield>
   <datafield ind1="8" ind2=" " tag="024">
      <subfield code="a">10.7818/ECOS.2913</subfield>
   </datafield>
   <datafield ind1="8" ind2=" " tag="024">
      <subfield code="a">https://hdl.handle.net/20.500.14352/122381</subfield>
   </datafield>
   <datafield ind1="8" ind2=" " tag="024">
      <subfield code="a">https://doi.org/10.7818/ECOS.2913</subfield>
   </datafield>
   <datafield ind1="8" ind2=" " tag="024">
      <subfield code="a">https://www.revistaecosistemas.net/index.php/ecosistemas/article/view/2913</subfield>
   </datafield>
   <datafield ind2="0" ind1="0" tag="245">
      <subfield code="a">Blood, Sweat, and Research: Menstruation’s Impact on Fieldwork in Natural Science</subfield>
   </datafield>
   <datafield ind2="0" ind1="0" tag="245">
      <subfield code="a">Sangre, Sudor e Investigación: El Impacto de la Menstruación en el Trabajo de Campo en Ciencias Naturales</subfield>
   </datafield>
</record></metadata></record></GetRecord></OAI-PMH>